Délmagyarország. - 1972. július 2., Vasárnap
Elmentve itt :
| Dokumentumtípus: | Újság |
|---|---|
| Megjelent: |
1972-07-02
|
| Sorozat: | Délmagyarország
62 No. 154 |
| Online Access: | http://dmarchiv.bibl.u-szeged.hu/18706 |
| LEADER | 00490nas a2200145 i 4500 | ||
|---|---|---|---|
| 001 | delm18706 | ||
| 005 | 20200415081141.0 | ||
| 008 | 171215s1972 hu n o 0|| hun d | ||
| 022 | |a 0133-025X | ||
| 040 | |a SZTE Délmagyarország Archívum |b hun | ||
| 041 | |a hun | ||
| 245 | 0 | 0 | |a Délmagyarország. - 1972. július 2., Vasárnap |h [elektronikus dokumentum] |
| 260 | |c 1972-07-02 | ||
| 490 | 0 | |a Délmagyarország |v 62 No. 154 | |
| 856 | 4 | 0 | |u http://dmarchiv.bibl.u-szeged.hu/18706/1/dm_1972_154.pdf |z Dokumentum-elérés |